| 000 | 00608nam a22001937a 4500 | ||
|---|---|---|---|
| 999 |
_c196852 _d196852 |
||
| 005 | 20230802145052.0 | ||
| 010 | _aENG-137664 | ||
| 020 |
_a9780230639959 _c290.00 |
||
| 035 | _aEN-121196 | ||
| 037 | _bMacmillan Publishers India Ltd | ||
| 082 | _a909.82 | ||
| 100 | _aMahajan,Sneh | ||
| 245 |
_aIssues in twentieth-century world history / _cby Sneh Mahajan |
||
| 260 |
_aNew Delhi _bMacmillan India Ltd. _c2010 |
||
| 270 |
_a2/10, Ansari Road, Daryaganj, _bNew Delhi _e110002 |
||
| 300 |
_a365p. _c24cm(Pbk) |
||
| 500 | _aincludes bibliography,index | ||
| 942 |
_2ddc _cEN _mMAH _h909.82 |
||